000
00243nam a22000857a 4500
008
160628b xxu||||| |||| 00| 0 eng d
100
_9
1276
_a
Shaida, B.S., et al
245
_a
Teaching of Social Science
260
_a
New Delhi
_b
Arya Publication
_c
2003
999
_c
1044
_d
1044